Statistics for Top 15 Countries with Covid-19 Deaths - 10 August

Click here to take the quiz!

General Stats

  • This quiz has been taken 16 times
  • The average score is 15 of 20

Answer Stats

country% Correct
France
100%
Italy
100%
Spain
100%
United Kingdom
100%
United States
100%
Brazil
93%
Mexico
86%
Colombia
79%
India
79%
Netherlands
79%
Russia
79%
Belgium
71%
Iran
71%
Peru
71%
Sweden
71%
Chile
64%
Ireland
64%
Ecuador
50%
South Africa
50%
Panama
36%

Score Distribution

Percentile by Number Answered

Percent of People with Each Score

Your Score History

You have not taken this quiz